MARC details
| 000 -CABECERA |
| campo de control de longitud fija |
02522cam a2200409 i 4500 |
| 001 - NÚMERO DE CONTROL |
| campo de control |
991061195065906706 |
| 003 - IDENTIFICADOR DEL NÚMERO DE CONTROL |
| campo de control |
ES-BaIT |
| 005 - FECHA Y HORA DE LA ÚLTIMA TRANSACCIÓN |
| campo de control |
20260413080708.0 |
| 008 - DATOS DE LONGITUD FIJA--INFORMACIÓN GENERAL |
| campo de control de longitud fija |
241008e202409 spc |||gr|||| 001 0 spa|c |
| 015 ## - NÚMERO DE BIBLIOGRAFÍA NACIONAL |
| Número de bibliografía nacional |
LL2025 |
| Fuente |
bnc |
| 017 ## - NÚMERO DE COPYRIGHT O DE DEPÓSITO LEGAL |
| Número de copyright o de depósito legal |
DL B 14888-2024 |
| Agencia que asigna |
Biblioteca de Catalunya |
| 020 ## - NÚMERO INTERNACIONAL ESTÁNDAR DEL LIBRO |
| Número Internacional Estándar del Libro |
9788432243868 |
| 040 ## - FUENTE DE LA CATALOGACIÓN |
| Centro catalogador/agencia de origen |
ES-BaFC |
| Lengua de catalogación |
cat |
| Normas de descripción |
rda |
| Centro/agencia transcriptor |
ES-BaFC |
| Centro/agencia modificador |
ES-BaBC |
| 041 1# - CÓDIGO DE LENGUA |
| Código de lengua del texto/banda sonora o título independiente |
spa |
| Código de lengua original |
eng |
| 080 ## - NÚMERO DE LA CLASIFICACIÓN DECIMAL UNIVERSAL |
| Número de la Clasificación Decimal Universal |
82-7.09 |
| Identificador de la edición |
2004 |
| 100 1# - ENTRADA PRINCIPAL--NOMBRE DE PERSONA |
| Nombre de persona |
Heller, Agnes |
| Término indicativo de función/relación |
autor |
| 9 (RLIN) |
24967 |
| 240 1# - TÍTULO UNIFORME |
| Título uniforme |
Immortal comedy. |
| Lenguaje de la obra |
Castellà |
| 9 (RLIN) |
169212 |
| 245 13 - MENCIÓN DE TÍTULO |
| Título |
La Comedia inmortal : |
| Resto del título |
lo cómico en el arte, la literatura y la vida / |
| Mención de responsabilidad, etc. |
Ágnes Heller; traducido del inglés por Aurora Echevarría |
| 250 ## - MENCIÓN DE EDICIÓN |
| Mención de edición |
Primera edición |
| 264 #1 - PRODUCCIÓN, PUBLICACIÓN, DISTRIBUCIÓN, FABRICACIÓN Y COPYRIGHT |
| Producción, publicación, distribución, fabricación y copyright |
Barcelona : |
| Nombre del de productor, editor, distribuidor, fabricante |
Seix Barral, |
| Fecha de producción, publicación, distribución, fabricación o copyright |
septiembre de 2024 |
| 300 ## - DESCRIPCIÓN FÍSICA |
| Extensión |
447 pàgines ; |
| Dimensiones |
23 cm |
| 336 ## - TIPO DE CONTENIDO |
| Término de tipo de contenido |
text |
| Código de tipo de contenido |
txt |
| Fuente |
rdacontent |
| 337 ## - TIPO DE MEDIO |
| Nombre/término del tipo de medio |
sense mediació |
| Código del tipo de medio |
n |
| Fuente |
rdamedia |
| 338 ## - TIPO DE SOPORTE |
| Nombre/término del tipo de soporte |
volum |
| Código del tipo de soporte |
nc |
| Fuente |
rdacarrier |
| 490 1# - MENCIÓN DE SERIE |
| Mención de serie |
Los tres mundos |
| 500 ## - NOTA GENERAL |
| Nota general |
Índex |
| 520 ## - SUMARIO, ETC. |
| Sumario, etc. |
"La comedia inmortal explora el papel de lo cómico en la sociedad a traves de la historia del arte, la literatura y la vida cotidiana. Desde los antiguos griegos hasta la stand-up comedy, Ágnes Heller examina cómo la comedia ha sido utilizada para expresar crítica social, sátira política y reflexionar sobre la condición humana. Del teatro clásico al cine, de la literatura a la pintura, Heller recorre en este fascinante viaje histórico y filosófico la obra de figuras como Aristófanes, Shakespeare, Charlie Chaplin, Woody Allen o Botero para reivindicar la importancia del humor a la hora de abordar temas como la religión, la política, la guerra o la sexualidad, y cómo precisamente a causa de ello ha sido silenciado y censurado a lo largo de la historia. La intelectual húngara plantea, de forma radical, la posibilidad de concederle al fin la trascendencia merecida al fenómeno de lo cómico a traves de la filosofía. Un referente irreemplazable de las ciencias sociales, Ágnes Heller "elaboró un pensamiento […] a medio camino entre la filosofía y la sociología que logró atravesar" -- Contracoberta |
| 650 #0 - PUNTO DE ACCESO ADICIONAL DE MATERIA--TÉRMINO DE MATERIA |
| Término de materia o nombre geográfico como elemento de entrada |
Comicitat |
| Subdivisión general |
Història |
| Fuente del encabezamiento o término |
lemac |
| 9 (RLIN) |
169213 |
| 650 #0 - PUNTO DE ACCESO ADICIONAL DE MATERIA--TÉRMINO DE MATERIA |
| Término de materia o nombre geográfico como elemento de entrada |
Comèdies de situació |
| Subdivisión general |
Història |
| Fuente del encabezamiento o término |
lemac |
| 9 (RLIN) |
169214 |
| 650 #0 - PUNTO DE ACCESO ADICIONAL DE MATERIA--TÉRMINO DE MATERIA |
| Término de materia o nombre geográfico como elemento de entrada |
Comicitat en la literatura |
| Fuente del encabezamiento o término |
lemac |
| 9 (RLIN) |
67419 |
| 650 #0 - PUNTO DE ACCESO ADICIONAL DE MATERIA--TÉRMINO DE MATERIA |
| Término de materia o nombre geográfico como elemento de entrada |
Humorisme |
| Subdivisión general |
Aspectes socials |
| Fuente del encabezamiento o término |
lemac |
| 9 (RLIN) |
110673 |
| 700 1# - ENTRADA AGREGADA--NOMBRE PERSONAL |
| Nombre de persona |
Echevarría, Aurora |
| Término indicativo de función/relación |
traductor |
| 9 (RLIN) |
169215 |
| 830 ## - PUNTO DE ACCESO ADICIONAL DE SERIE-TÍTULO UNIFORME |
| Título uniforme |
Tres mundos |
| 9 (RLIN) |
123603 |
| 908 ## - COLOCAR PARÁMETRO DE COMANDO (RLIN) |
| Colocar parámetro de comando |
FILMO |
| -- |
BC |
| -- |
BAB |
| -- |
CDMAE |
| 940 ## - EQUIVALENCIA O REFERENCIA-CRUZADA--TÍTULO UNIFORME [OBSOLETO] [solamente CAN/MARC] |
| Título uniforme |
<a href="FILMO">FILMO</a> |
| 942 ## - ELEMENTOS DE ENTRADA AGREGADA (KOHA) |
| Fuente del sistema de clasificación o colocación |
Clasificación decimal universal |
| Tipo de ítem Koha |
Llibre |